000 01533cam a22003015a 4500
001 L159624
005 20241223092229.0
008 171129s2018 xxk f 000 0 eng d
020 _a9781315107707
020 0 _a9781138091634
035 _a(Sirsi) u159624
041 0 _aeng
050 0 4 _a692.5
110 2 _aAECOM
245 0 0 _aSpon's architects' and builders' price book 2018
_h[electronic resource]
250 _a143rd ed.
260 _aLondon
_bCRC Press Inc
_bTaylor & Francis
_c2017
520 _aProvides comprehensive construction price information for the UK. General information includes capital allowances, VAT, Aggregates Levy, land remediation, landfill tax, property insurance and a range of indices including building costs and tender prices and location factors. Includes rates of wages and labour, approximate estimating. prices for measured works, fees for professional services, prices for measured works, fees for professional services and , daywork and prime cost Concludes with useful conversion tablers and formulae.
520 _aSupersedes 142th ed.
520 _aThis item is archived on VLEBooks. Please contact [email protected] if you would like this title reactivated. Note we do not have more recent editions of this title available digitally.
590 _aKA
651 4 _aUnited Kingdom
690 _aConstruction management
_96230
690 _aCost management
_96233
690 _aBuilding materials and defects
710 1 _aDavis Langdon
_eeditor
_94649
942 _n0
_2ddc
999 _c116058
_d116058